000 01037pam a2200277 a 4500
001 1595688
003 Ke-BoTe
005 20220505152122.0
008 940303s1995 paua b 001 0 eng
010 _a 94007894
020 _a0397551320 (alk paper)
040 _aDLC
_cDLC
_dDLC
050 0 0 _aRT89
_b.F54 1995
082 0 0 _a362.1/73/068
_220
100 1 _aFlarey, Dominick L.
_94313
245 1 0 _aRedesigning nursing care delivery :
_btransforming our future /
_cDominick L. Flarey
260 _aPhiladelphia :
_bJ.B. Lippincott,
_cc1995.
300 _axxiii, 278 p. :
_bill. ;
_c24 cm.
504 _aIncludes bibliographical references and index.
650 0 _aNursing services
_xAdministration
_xCase studies.
_94314
650 0 _aOrganizational change
_xCase studies.
_94315
650 0 _aNursing services
_xAdministration.
_9239
906 _a7
_bcbc
_corignew
_d1
_eocip
_f19
_gy-gencatlg
942 _2lcc
_cBK
_n0
999 _c2156
_d2156